000 00779nam a22002415i 4500
001 172818
003 ES-MaACL
005 20250315062559.0
008 090910s2009 sp |||| | spa d
020 _a978-84-321-3731-0
080 _a821.162.1-14"19"
100 1 _aTwardowski, Jan.
_9140952
245 1 0 _aAntología poética /
_cJan Twardowski ; selección, traducción y estudio preliminar de Anna Sobieska y Antonio Benítez Burraco.
250 _aEd. biblingüe.
260 _aMadrid :
_bRialp,
_c[2009]
300 _a151 p. ;
_c17 cm.
490 1 _aAdonáis ;
_v612-613
700 1 _aSobieska, Anna.
_9106987
700 0 _aBenítez Burraco, Antonio.
_927620
830 1 0 _aAdonáis
_v612-613
_9173743
852 4 _aES-MaACL
_jJ-23-612-613
999 _c172818
_d172818